300 hadits bekal da'wah dan pembina pribadi muslim

Bibliographic Details
Main Author: H. Moh Rifa'i (Author)
Format: Book
Language:Malay
Published: Singapura : Wicaksana , c1981
Subjects:

MARC

LEADER 00000cam a2200000 7i4500
001 0000004405
005 20170209093000.0
008 021118s1981 si may
090 0 0 |a BP135.A3   |b R53 1981 
100 0 |a H. Moh Rifa'i ,   |e author 
245 1 0 |a 300 hadits bekal da'wah dan pembina pribadi muslim   |c H Moh Rifa'i 
260 |a Singapura :   |b Wicaksana ,   |c c1981 
300 |a 183 p. ;   |c 19 cm. 
500 |a Mengandungi ayat-ayat al-Quran 
650 0 |a Hadith   |x Collections 
999 |a 1000003118   |b Book   |c OPEN SHELF (30 DAYS)   |e Gong Badak Campus 
999 |a 1000003121   |b Book   |c OPEN SHELF (30 DAYS)   |e Gong Badak Campus 
999 |a 1000003122   |b Book   |c OPEN SHELF (30 DAYS)   |e Gong Badak Campus 
999 |a 1000003123   |b Book   |c OPEN SHELF (30 DAYS)   |e Gong Badak Campus 
999 |a 1000065469   |b Book   |c OPEN SHELF (30 DAYS)   |e Gong Badak Campus 
999 |a 1000073885   |b Book   |c OPEN SHELF (30 DAYS)   |e Gong Badak Campus